<?xml version="1.0" encoding="UTF-8"?>
<collection xmlns="http://www.loc.gov/MARC21/slim">
    <record>
        <controlfield tag="001">85804</controlfield>
        <controlfield tag="005">20191119144719.0</controlfield>
        <datafield tag="037" ind1=" " ind2=" ">
            <subfield code="a">TAZ-TFG-2019-534</subfield>
        </datafield>
        <datafield tag="041" ind1=" " ind2=" ">
            <subfield code="a">spa</subfield>
        </datafield>
        <datafield tag="100" ind1="1" ind2=" ">
            <subfield code="a">García Cebrián, Ramón</subfield>
        </datafield>
        <datafield tag="242" ind1="0" ind2="0">
            <subfield code="a">Nursing role in mountain rescue teams - aragonese model. Narrative review</subfield>
        </datafield>
        <datafield tag="245" ind1="0" ind2="0">
            <subfield code="a">Enfermería en los equipos de rescate de montaña - modelo aragonés. Revisión narrativa</subfield>
        </datafield>
        <datafield tag="260" ind1=" " ind2=" ">
            <subfield code="a">Zaragoza</subfield>
            <subfield code="b">Universidad de Zaragoza</subfield>
            <subfield code="c">2019</subfield>
        </datafield>
        <datafield tag="500" ind1=" " ind2=" ">
            <subfield code="a">Resumen disponible también en inglés.</subfield>
        </datafield>
        <datafield tag="506" ind1=" " ind2=" ">
            <subfield code="a">by-nc-sa</subfield>
            <subfield code="b">Creative Commons</subfield>
            <subfield code="c">3.0</subfield>
            <subfield code="u">http://creativecommons.org/licenses/by-nc-sa/3.0/</subfield>
        </datafield>
        <datafield tag="520" ind1=" " ind2=" ">
            <subfield code="a">- Introducción: Las montañas, un medio hostil para los humanos, se han visto inundadas en los últimos años por una ola de visitantes atraídos por los deportes de aventura. Esto ha causado un incremento exponencial de los accidentes en montaña, creando un nuevo problema de salud pública. Desde el inicio fue requerida la intervención del equipo de rescate en montaña, el cual ha sufrido diversos cambios hasta formar el actual “modelo aragonés” de rescate.  - Objetivo: Realizar una revisión narrativa sobre el estado actual del rescate de montaña en Aragón con el fin de encontrar posibles áreas de mejora.  - Metodología: Se llevó a cabo una búsqueda de literatura científica en las bases de datos PubMed, Cuiden, Dialnet, Scielo y Scholar Google, entre los meses de enero y abril de 2019. Se establecieron los criterios de inclusión y exclusión y se combinaron los descriptores mediante operadores booleanos. Además, se hizo uso de páginas web, de bibliotecas universitarias y de la opinión de expertos.  - Resultados: Se consultaron diversos artículos y libros, cuya materia se expuso en seis apartados: integrantes del equipo, características del personal sanitario, funciones del personal sanitario, recepción del aviso y activación del equipo, la medicalización del rescate en montaña, y prevención.  - Conclusiones: Queda mucho por mejorar de nuestro “modelo aragonés” de rescate, como la protocolización de diversas actuaciones enfermeras o el avance en materia de prevención.  - Palabras clave: Enfermería, Rescate, Montaña, Atención de Enfermería, Trabajo de Rescate, Personal de Rescate.&lt;br /></subfield>
        </datafield>
        <datafield tag="521" ind1=" " ind2=" ">
            <subfield code="a">Graduado en Enfermería</subfield>
        </datafield>
        <datafield tag="540" ind1=" " ind2=" ">
            <subfield code="a">Derechos regulados por licencia Creative Commons</subfield>
        </datafield>
        <datafield tag="700" ind1=" " ind2=" ">
            <subfield code="a">Rubio Soriano, Concepción</subfield>
            <subfield code="e">dir.</subfield>
        </datafield>
        <datafield tag="710" ind1="2" ind2=" ">
            <subfield code="a">Universidad de Zaragoza</subfield>
            <subfield code="b"> </subfield>
            <subfield code="c"></subfield>
        </datafield>
        <datafield tag="856" ind1="0" ind2=" ">
            <subfield code="f">717318@celes.unizar.es</subfield>
        </datafield>
        <datafield tag="856" ind1="4" ind2=" ">
            <subfield code="s">41587509</subfield>
            <subfield code="u">http://zaguan.unizar.es/record/85804/files/TAZ-TFG-2019-534.pdf</subfield>
            <subfield code="y">Memoria (spa)</subfield>
        </datafield>
        <datafield tag="909" ind1="C" ind2="O">
            <subfield code="o">oai:zaguan.unizar.es:85804</subfield>
            <subfield code="p">driver</subfield>
            <subfield code="p">trabajos-fin-grado</subfield>
        </datafield>
        <datafield tag="950" ind1=" " ind2=" ">
            <subfield code="a"></subfield>
        </datafield>
        <datafield tag="951" ind1=" " ind2=" ">
            <subfield code="a">deposita:2019-11-19</subfield>
        </datafield>
        <datafield tag="980" ind1=" " ind2=" ">
            <subfield code="a">TAZ</subfield>
            <subfield code="b">TFG</subfield>
            <subfield code="c">ENFHUES</subfield>
        </datafield>
        <datafield tag="999" ind1=" " ind2=" ">
            <subfield code="a">20190426005607.CREATION_DATE</subfield>
        </datafield>
    </record>

    
</collection>